Lyon - de A à Z - Statistiques

Statistiques générales
  • Ce quiz a été pris 4 346 fois
  • Le résultat moyen est 16 sur 24
Statistiques - réponses
Lettres Questions Réponses % Correct
B Nom de la célèbre et plus grande place de Lyon. Bellecour
90%
U Nombre de ballon d'or remporté par le Lyonnais Karim Benzema. Un
86%
A Nom du Président de l'Olympique Lyonnais de 1987 à 2023. Jean-Michel Aulas
83%
S Rivière qui rejoint le Rhône à Lyon. La Saône
83%
N Nombre d'arrondissements à Lyon. Neuf
83%
O Situé à Lyon, l'un des plus grands de France, c'est le "Parc de la tête d'..." Or
83%
F Colline Lyonnaise, au sommet de laquelle on retrouve la célèbre Basilique Notre-Dame. Fourvière
82%
G Marionnette à gaine française créée à Lyon vers 1808 par Laurent Mourguet. Guignol
81%
R Sport dans lequel le "Lou" représente la ville de Lyon. Rugby
81%
P Quartier d'affaire de la ville, on y trouve notamment une grande tour en forme de crayon, faisant office de centre commercial. La Part-Dieu
77%
M Montagne visible de Lyon (par beau temps). Le Mont Blanc
77%
Q Spécialité culinaire Lyonnaise, qui peut être nature, à la volaille ou au brochet. Quenelle
76%
L Nom de la ville de Lyon lorsqu'elle était capitale des Gaules. Lugdunum
73%
D Commune de la banlieue Lyonnaise dans laquelle se trouve le "Groupama Stadium". Décines
69%
X Sur la plus grande place de Lyon, on peut voir une statue équestre en bronze de Louis... XIV
69%
V Quartier de Lyon dans lequel on peut retrouver la cathédrale médiévale Saint-Jean-Baptiste ou encore le musée Miniature et Cinéma. Le Vieux-Lyon
62%
T Ce sont des passages piétons à travers des cours d'immeuble qui permettent de se rendre d'une rue à une autre. Les traboules
54%
W Homme politique né à Lyon, il est prénommé Laurent, anciennement secrétaire d'État auprès du Premier ministre et porte-parole du gouvernement, il est actuellement Président du conseil régional d'Auvergne-Rhône-Alpes. Laurent Wauquiez
50%
J Né à Lyon, c'est un auteur-compositeur-interprète français, surtout connu pour son travail dans la musique électronique. Il a vendu plus de 85 millions de disques au cours de sa carrière. Jean-Michel Jarre
41%
C Spécialité fromagère Lyonnaise, composé de fromage blanc, ciboulette hachée, échalote, sel, poivre, huile d'olive et vinaigre. Cervelle de Canut
38%
I Appelé "la fête des Lumières" à Lyon, le 8 décembre en France. Illuminations
38%
E Parti politique de Grégory Doucet, actuel maire de Lyon. Europe Écologie-Les Verts
36%
H Attaquante de l'Olympique Lyonnais féminin, première ballon d'or de l'histoire. Ada Hegerberg
29%
Z Né à Lyon en 1986, danseur de Break dance et chorégraphe, il est prénommé Brahim. Il a eu une relation avec la chanteuse Madonna. Brahim Zaibat
12%
Aucun quiz correspondant
Distribution des résultats
% des personnes avec chaque résultat
Percentile par nombre de réponses
Votre historique - résultats
Vous n’avez pas pris ce quiz